| 000 | 00363nam a2200145Ia 4500 | ||
|---|---|---|---|
| 008 | 230917s9999||||xx |||||||||||||| ||und|| | ||
| 040 |
_e85896 _aMAIN |
||
| 041 | _aEnglish | ||
| 082 | _a709.54 M119C | ||
| 100 | _aMachwe, Prabhakar | ||
| 245 | 0 | _aCreative arts and communications | |
| 260 |
_aNew Delhi _bCommunication _c1977 |
||
| 300 | _a128 p. | ||
| 942 | _cBK | ||
| 999 |
_c185104 _d185104 |
||